| 000 | 00469nam a2200169Ia 4500 | ||
|---|---|---|---|
| 003 | GCL | ||
| 008 | 140319s9999 xx 000 0 ara d | ||
| 040 |
_aGCL / _cGCL |
||
| 082 | 0 | 4 |
_a370.15 _bص ق |
| 100 | 1 | _aصلاح الدين محمد | |
| 245 | 1 | 0 |
_aالقياس التربوى / _cصلاح الدين محمد |
| 300 | _a438 ص | ||
| 490 | _a | ||
| 650 | 0 | 4 | _aالقياس الاجتماعى |
| 650 | 0 | 4 | _aالتعليم - طرق القياس |
| 942 |
_2ddc _cBK |
||
| 999 |
_c38715 _d38715 |
||